| 000 | 00445cam a22001217a 4500 | ||
|---|---|---|---|
| 008 | 180718b-- xxu||||| |||| 00| 0 eng d | ||
| 082 | _aA81x54 In2/61/9 | ||
| 100 | _aCensus of India 1961 | ||
| 245 | _aMadras: demography and vital statistics (report) | ||
| 260 |
_aDelhi _bThe Manager of Publications _c-- |
||
| 440 | _aCensus of India 1961. Volume IX, Madras. Part I-B (i) | ||
| 500 | _aContents: Part 1B (i). 1965. 456+p.;Part 1B (ii). 1969. 595+p. | ||
| 999 |
_c484285 _d484285 |
||